PAKISTAN , A NATION IN THE MAKING (Record no. 573748)

000 -LEADER
fixed length control field 00349nam a22001337a 4500
020 ## - INTERNATIONAL STANDARD BOOK NUMBER
International Standard Book Number 0-86531-353-9
082 ## - DEWEY DECIMAL CLASSIFICATION NUMBER
Classification number 954.91 BUR'P
100 ## - MAIN ENTRY--PERSONAL NAME
Personal name BURKI, SHAHID JAVED
9 (RLIN) 2782
245 ## - TITLE STATEMENT
Title PAKISTAN , A NATION IN THE MAKING
260 ## - PUBLICATION, DISTRIBUTION, ETC.
Place of publication, distribution, etc. PAKISTAN
Name of publisher, distributor, etc. OXFORD UNIVERSITY PRESS
Date of publication, distribution, etc. 1986
300 ## - PHYSICAL DESCRIPTION
Extent XIII, 226P
650 ## - SUBJECT ADDED ENTRY--TOPICAL TERM
Topical term or geographic name entry element PAKISTAN HISTORY
9 (RLIN) 7198
942 ## - ADDED ENTRY ELEMENTS (KOHA)
Koha item type Book
Holdings
Withdrawn status Lost status Damaged status Not for loan Permanent Location Current Location Shelving location Date acquired Total Checkouts Full call number Barcode Date last seen Price effective from Koha item type
        College of Electrical & Mechanical Engineering (CEME) College of Electrical & Mechanical Engineering (CEME) General Stacks 07/27/2017   954.91 BUR'P CEME-23056 06/28/2021 06/28/2021 Book
© 2023 Central Library, National University of Sciences and Technology. All Rights Reserved.